000 01117nam a22003857a 4500
001 BR8603219
003 BR-BrBNA
005 20230928092302.0
007 ta
008 230509b bl.||||| |||| 00| 0 por d
040 _aBR-BrBNA
_bpor
_cBiblioteca Nacional de Agricultura
041 _a(Por)
072 _aF30
_b0336
_b/G514
090 _ 0336 BR8603219
100 1 _aCarraro, I.M.
100 1 _aHarada, A.
100 1 _aFonseca Junior, N.S.
100 1 _aRocha, A.
100 1 _aBego, A.
100 1 _aBeni, O.A.
110 1 _aOrganizacao das Cooperativas do Estado do Parana, Cascavel (Brasil)
_97725
245 1 _aMelhoramento de soja no programa de pesquisa OCEPAR no periodo de 1983/85 [Organizacao das Cooperativas do Estado do Parana]
260 3 _aCascavel, PR (Brasil):
_c1986.
300 _a49 p.
500 _a50 tables
650 _aSOJA
650 _aPOPULACAO DE PLANTA
650 _aPESQUISA AGRICOLA
650 _aMELHORAMENTO VEGETAL
650 _aTESTE DE PROGENIE
650 _aSEMEADURA
650 _aPARANA
909 _a202309
_bLucia
_c55
_dLucia Elande
942 _cBK
999 _c38119
_d38119